• 首页
  • 本馆介绍
  • 公告通知
  • 最新文献
  • 馆藏检索
  • 电子资源
  • 读者导购
  • 参考咨询
  • 我的图书馆
  • 登录
  • 详细信息显示
  • 放入我的书架
  • 预约/预借图书
  • 作者相关作品
  • 分类相关作品
  • 丛书相关作品
  • 出版社相关作品

书目信息

  • 表格格式
  • 工作单格式
  • 卡片格式
书名: Numerical and asymptotic techniques in electromagnetics
作者: edited by R. Mittra ; with contributions by F.J. Deadrick ... [et al.].
分册号:
分册名:
出版地: Berlin [Germany (West)] :
 
出版社: Springer-Verlag
出版时间: 1975.
页数: x, 260 p. :
开本: 24 cm.
丛书名: Topics in applied physics
中图分类号:
科图分类号:
其他分类号: O44:H31
主题词:
电子资源:
000 01035cam 22003010a 4504
001 E0731843858
003 CaOON
005 20070301085314.87
008 031015t19751975gw a t 0011 eng l
010    @a74030146
020    @a0387070729.
040    @aDLC@beng@cCaOONL@dCaOON
050 00 @aTK7871.6@b.M59
082    @a621.38/0283
090    @aP347/W54
090    @aO44:H31
099    @dO44:H31@ex32
245 00 @aNumerical and asymptotic techniques in electromagnetics / @cedited by R. Mittra ; with contributions by F.J. Deadrick ... [et al.].
260 0  @aBerlin [Germany (West)] :@bSpringer-Verlag,@c1975.
300    @ax, 260 p. :@bill. ;@c24 cm.
440  0 @aTopics in applied physics,@x0303-4216 ;@vv. 3.
490 0  @aTopics in applied physics ;@vv. 3.
504    @aIncludes bibliographical references and index.
650  0 @aElectric engineering@xMathematics.
650  0 @aElectromagnetic waves.
650  0 @aAntennas (Electronics)
700 10 @aMittra, R.
700 10 @aMittra, R鈇j.
    
    Numerical and asymptotic techniques in electromagnetics / / edited by R. Mittra ; with contributions by F.J. Deadrick ... [et al.].-Berlin [Germany (West)] : : Springer-Verlag, , 1975.
    x, 260 p. : : ill. ; ; 24 cm.- (Topics in applied physics, 0303-4216 ; v. 3. ).- (Topics in applied physics ; v. 3. )
    Includes bibliographical references and index.
    
    ISBN 0387070729.
    
●
相关链接 在E读中查询图书 在五车中查询图书 在当当中查询图书 在豆瓣中查询图书


正题名:Numerical and asymptotic techniques in electromagnetics     索取号:O44:H31/x32         预约/预借

序号 登录号 条形码 馆藏地/架位号 状态 备注
1 58955   000638368   第四借阅区/ [索取号:O44:H31/x32] 在馆    
2 58956   000638377   第四借阅区/ [索取号:O44:H31/x32] 在馆    
3 58957   000638386   第四借阅区/ [索取号:O44:H31/x32] 在馆    
唐山师范学院图书馆 欢迎您!
大连网信软件有限公司© 版权所有